| 000 | 08757cam a22021614i 4500 | ||
|---|---|---|---|
| 003 | PE-LiUPU | ||
| 005 | 20250813165849.0 | ||
| 008 | 150706s2011 ag a rb 000 0 spa d | ||
| 020 |
_a9789587620382 _q(volumen 2) |
||
| 020 |
_a9789587620375 _q(volumen 1) |
||
| 020 |
_a9789587620399 _q(volumen 3) |
||
| 035 | _a(Sirsi) i9789587620382 | ||
| 040 |
_aPE-LiUPU _bspa _cPE-LiUPU _erda |
||
| 049 | _aPRUA | ||
| 082 | 0 | 4 |
_a624.1 _bC29 _221 |
| 082 | 0 | 4 |
_a720.01 _bC35 2011 |
| 100 | 1 |
_aCastro, Mario E. , _eautor. |
|
| 245 | 1 | 0 |
_aEstructuras resistentes : _brecursos para su diseño / _cMario E. Castro, María A. Battaglia. |
| 250 | _aPrimera edición. | ||
| 264 | 1 |
_aBuenos Aires, Argentina : _bNobuko, _c2011. |
|
| 300 |
_a3 volúmenes; _c28 centímetros. |
||
| 336 |
_atext _2rdacontent |
||
| 337 |
_aunmediated _2rdamedia |
||
| 338 |
_avolume _2rdacarrier |
||
| 490 | 0 | _aIngeniería | |
| 505 | 0 |
_gVolumen 1. _Introducción -- Acciones sobrelos elementos estructurales -- Estática de los sistemas planos -- Sistemas vinculados -- Reticulados planos -- Cracterísticas geométricas -- Tablas -- Materiales estructurales y tensiones -- Seguridad estructural -- Síntesis. |
|
| 505 | 0 |
_gVolumen 2. _aSolicitación Axil -- Inestabilidad del equilibrio elástico -- Esfuerzos Característicos -- Vigas. Flexión y corte -- Vigas. Flexión Simple Oblicua -- Vigas, Columna, flexión compuesta -- Deformación elástica de flexión -- Sistemas hiperestáticos -- Corte y torsión -- Complementos. |
|
| 505 | 0 |
_gVolumen 3. _Introducción al hormigón armado -- Breves pautas de proyecto -- Tecnología de los materiales -- Conjunto hormigón-acero -- Flexión y corte en hormigón armado -- Losas de hormigón armado.-Vigas de hormigón armado -- Vigas de hormigón armado -- Columnas de hormigón armado -- Síntesis de suelos y fundaciones -- Bases de hormigón armado -- Detalles de armado. |
|
| 526 | _aP203 | ||
| 526 | _aP200 | ||
| 526 | _aSEG65 | ||
| 526 | _aSEG64 | ||
| 526 | _aSEG63 | ||
| 526 | _aSEG62 | ||
| 526 | _aSEG61 | ||
| 526 | _aSEG60 | ||
| 526 | _aSEG59 | ||
| 526 | _aSEG58 | ||
| 526 | _aSEG57 | ||
| 526 | _aSEG56 | ||
| 526 | _aSEG55 | ||
| 526 | _aSEG54 | ||
| 526 | _aSEG53 | ||
| 526 | _aSEG52 | ||
| 526 | _aSEG51 | ||
| 526 | _aSEG50 | ||
| 526 | _aSEG49 | ||
| 526 | _aSEG48 | ||
| 526 | _aSEG47 | ||
| 526 | _aSEG46 | ||
| 526 | _aSEG24 | ||
| 526 | _aSEG23 | ||
| 526 | _aSEG22 | ||
| 526 | _aSEG21 | ||
| 526 | _aSEG20 | ||
| 526 | _aSEG19 | ||
| 526 | _aSEG18 | ||
| 526 | _aSEG17 | ||
| 526 | _aSEG16 | ||
| 526 | _aSEG14 | ||
| 526 | _aSEG13 | ||
| 526 | _aSEG12 | ||
| 526 | _aSEG11 | ||
| 526 | _aSEG10 | ||
| 526 | _aSEG09 | ||
| 526 | _aSEG06 | ||
| 526 | _aSEG05 | ||
| 526 | _aSEG04 | ||
| 526 | _aSEG03 | ||
| 526 | _aSEG02 | ||
| 526 | _aSEG68 | ||
| 526 | _aSEG66 | ||
| 526 | _aSEG45 | ||
| 526 | _aSEG25 | ||
| 526 | _aSEG01 | ||
| 526 | _aP163 | ||
| 526 | _aP162 | ||
| 526 | _aP161 | ||
| 526 | _aP160 | ||
| 526 | _aP159 | ||
| 526 | _aP158 | ||
| 526 | _aP157 | ||
| 526 | _aP156 | ||
| 526 | _aP155 | ||
| 526 | _aP154 | ||
| 526 | _aP153 | ||
| 526 | _aP152 | ||
| 526 | _aP151 | ||
| 526 | _aP150 | ||
| 526 | _aP149 | ||
| 526 | _aP142 | ||
| 526 | _aP141 | ||
| 526 | _aP140 | ||
| 526 | _aP139 | ||
| 526 | _aP138 | ||
| 526 | _aP137 | ||
| 526 | _aP132 | ||
| 526 | _aP131 | ||
| 526 | _aP130 | ||
| 526 | _aP126 | ||
| 526 | _aP125 | ||
| 526 | _aP124 | ||
| 526 | _aP123 | ||
| 526 | _aP115 | ||
| 526 | _aP122 | ||
| 526 | _aP121 | ||
| 526 | _aP116 | ||
| 526 | _a P114 | ||
| 526 | _aP112 | ||
| 526 | _aP111 | ||
| 526 | _aP104 | ||
| 526 | _aP103 | ||
| 526 | _aP102 | ||
| 526 | _aP101 | ||
| 526 | _aP100 | ||
| 526 | _aP96 | ||
| 526 | _aP95 | ||
| 526 | _aP93 | ||
| 526 | _aP92 | ||
| 526 | _aP91 | ||
| 526 | _aP88 | ||
| 526 | _aP83 | ||
| 526 | _aP82 | ||
| 526 | _aP79 | ||
| 526 | _aP78 | ||
| 526 | _aP75 | ||
| 526 | _aP74 | ||
| 526 | _aP71 | ||
| 526 | _aP69 | ||
| 526 | _a P51 | ||
| 526 | _aP49 | ||
| 526 | _aP48 | ||
| 526 | _aP47 | ||
| 526 | _aP33 | ||
| 526 | _aP31 | ||
| 526 | _a P30 | ||
| 526 | _aP29 | ||
| 526 | _aP27 | ||
| 526 | _aP26 | ||
| 526 | _aP25 | ||
| 526 | _aP24 | ||
| 526 | _a P22 | ||
| 526 | _aP10 | ||
| 526 | _aP09 | ||
| 526 | _a P08 | ||
| 526 | _aP06 | ||
| 526 | _aP05 | ||
| 526 | _aP04 | ||
| 526 | _aP01 | ||
| 541 | _g0001-000124; | ||
| 541 | _g015-001535; | ||
| 650 | 0 | 4 |
_aConstrucción _xEstudio y enseñanza. |
| 650 | 0 | 4 |
_aArquitectura _xEstudio y enseñanza. |
| 700 | 1 |
_aBattaglia, María A., _eautor. |
|
| 910 |
_bjv _cng _d20120621 |
||
| 910 |
_btqv _cwelc _d20170612 |
||
| 942 |
_2ddc _cBOOK |
||
| 949 |
_a624.1 C29 2 _wDEWEY _c1 _i65054 _lCCODEBUL1 _mBUL _p54.00 _r0 _sY _tBOOK _u2015-7-6 _xINGENIERIA _PP06 _o.STAFF. Colección General |
||
| 949 |
_a624.1 C29 2 _wDEWEY _c2 _i67300 _lCCODEBUL1 _mBUL _p61.00 _r0 _sY _tBOOK _u2015-7-6 _xINGENIERIA _PP25 _o.STAFF. Colección General |
||
| 949 |
_a720.01 C35 T2 2011 _wDEWEY _c1 _iFJ07981 _lCCODEBUJ1 _mBUJ _p52.00 _r0 _sY _tBOOK _u2017-06-12 _xINGENIERIA _PP25 _0COMPRA _o.STAFF. Colección General Juliaca |
||
| 949 |
_a720.01 C35 T2 2011 _wDEWEY _c2 _iFJ08671 _lCCODEBUJ1 _mBUJ _p52.00 _r0 _sY _tBOOK _u2017-09-04 _xINGENIERIA _PP25 _0COMPRA _o.STAFF. Colección General Juliaca |
||
| 949 |
_a720.01 C35 T2 2011 _wDEWEY _c3 _iFJ08698 _lCCODEBUJ1 _mBUJ _p52.00 _r0 _sY _tBOOK _u2017-09-04 _xINGENIERIA _PP25 _0COMPRA _o.STAFF. Colección General Juliaca |
||
| 949 |
_a720.01 C35 T1 2011 _wDEWEY _c1 _iFJ08674 _lCCODEBUJ1 _mBUJ _p52.00 _r0 _sY _tBOOK _u2017-09-04 _xINGENIERIA _PP25 _0COMPRA _o.STAFF. Colección General Juliaca |
||
| 949 |
_a720.01 C35 T1 2011 _wDEWEY _c2 _iFJ08675 _lCCODEBUJ1 _mBUJ _p52.00 _r0 _sY _tBOOK _u2017-09-04 _xINGENIERIA _PP25 _0COMPRA _o.STAFF. Colección General Juliaca |
||
| 949 |
_a720.01 C35 T1 2011 _wDEWEY _c3 _iFJ08676 _lCCODEBUJ1 _mBUJ _p52.00 _r0 _sY _tBOOK _u2017-09-04 _xINGENIERIA _PP25 _0COMPRA _o.STAFF. Colección General Juliaca |
||
| 949 |
_a720.01 C35 T3 2011 _wDEWEY _c1 _iFJ08677 _lCCODEBUJ1 _mBUJ _p52.00 _r0 _sY _tBOOK _u2017-09-04 _xINGENIERIA _PP25 _0COMPRA _o.STAFF. Colección General Juliaca |
||
| 949 |
_a720.01 C35 T3 2011 _wDEWEY _c2 _iFJ08678 _lCCODEBUJ1 _mBUJ _p52.00 _r0 _sY _tBOOK _u2017-09-04 _xINGENIERIA _PP25 _0COMPRA _o.STAFF. Colección General Juliaca |
||
| 949 |
_a720.01 C35 T3 2011 _wDEWEY _c3 _iFJ08679 _lCCODEBUJ1 _mBUJ _p52.00 _r0 _sY _tBOOK _u2017-09-04 _xINGENIERIA _PP25 _0COMPRA _o.STAFF. Colección General Juliaca |
||
| 994 |
_aC0 _bPEPRU |
||
| 596 | _a1 3 | ||
| 999 |
_a624.1 C29 2 _wDEWEY _c53738 _i65054 _f2021-11-5 _g7 _lCCODEBUL1 _mBUL _p54.00 _r0 _sY _tBOOK _u2015-7-6 _xBIBLIOTECA _PP06 _0COMPRA _o.STAFF. Colección General _d53738 |
||
| 999 |
_a624.1 C29 2 _wDEWEY _c2 _i67300 _f2021-11-5 _g7 _lCCODEBUL1 _mBUL _p61.00 _r0 _sY _tBOOK _u2015-7-6 _xBIBLIOTECA _PP25 _0COMPRA _o.STAFF. Colección General |
||
| 999 |
_a720.01 C35 T1 2011 _wDEWEY _c4 _iFJ08674 _f2022-2-1 _g3 _lCCODEBUJ1 _mBUJ _p52.00 _r0 _sY _tBOOK _u2017-9-4 _xINGENIERIA _PP25 _0COMPRA _o.STAFF. Colección General Juliaca |
||
| 999 |
_a720.01 C35 T1 2011 _wDEWEY _c5 _iFJ08675 _f2022-2-1 _g3 _lCCODEBUJ1 _mBUJ _p52.00 _r0 _sY _tBOOK _u2017-9-4 _xINGENIERIA _PP25 _0COMPRA _o.STAFF. Colección General Juliaca |
||
| 999 |
_a720.01 C35 T1 2011 _wDEWEY _c6 _iFJ08676 _f2022-2-1 _g3 _lCCODEBUJ1 _mBUJ _p52.00 _r0 _sY _tBOOK _u2017-9-4 _0COMPRA _o.STAFF. Colección General Juliaca |
||
| 999 |
_a720.01 C35 T2 2011 _wDEWEY _c1 _iFJ07981 _f2022-2-1 _g3 _lCCODEBUJ1 _mBUJ _p52.00 _r0 _sY _tBOOK _u2017-9-4 _xINGENIERIA _PP25 _0COMPRA _o.STAFF. Colección General Juliaca |
||
| 999 |
_a720.01 C35 T2 2011 _wDEWEY _c2 _iFJ08671 _d2022-6-21 _e2022-6-14 _f2022-2-1 _g3 _lCCODEBUJ1 _mBUJ _n1 _p52.00 _r0 _sY _tBOOK _u2017-9-4 _xINGENIERIA _PP25 _0COMPRA _o.STAFF. Colección General Juliaca |
||
| 999 |
_a720.01 C35 T2 2011 _wDEWEY _c3 _iFJ08698 _d2022-6-21 _e2022-6-14 _f2022-2-1 _g3 _lCCODEBUJ1 _mBUJ _n1 _p52.00 _r0 _sY _tBOOK _u2017-9-5 _xINGENIERIA _PP25 _0COMPRA _o.STAFF. Colección General Juliaca |
||
| 999 |
_a720.01 C35 T3 2011 _wDEWEY _c1 _iFJ08677 _f2018-12-20 _g2 _lCCODEBUJ1 _mBUJ _p52.00 _r0 _sY _tBOOK _u2017-9-4 _xINGENIERIA _PP25 _0COMPRA _o.STAFF. Colección General Juliaca |
||
| 999 |
_a720.01 C35 T3 2011 _wDEWEY _c2 _iFJ08678 _f2022-2-1 _g4 _lCCODEBUJ1 _mBUJ _p52.00 _r0 _sY _tBOOK _u2017-9-4 _xINGENIERIA _PP25 _0COMPRA _o.STAFF. Colección General Juliaca |
||
| 999 |
_a720.01 C35 T3 2011 _wDEWEY _c3 _iFJ08679 _f2022-2-1 _g4 _lCCODEBUJ1 _mBUJ _p52.00 _r0 _sY _tBOOK _u2017-9-4 _xINGENIERIA _PP25 _0COMPRA _o.STAFF. Colección General Juliaca |
||
| 980 |
_81 _gALBERTO SANCHEZ Responsable de Automatización |
||